000 00491nam a2200169Ia 4500
008 110201s9999 xx 000 0 und d
082 _bB7672
_aKS 1149
100 _aशेवडे शैलजा
245 _aभुईनळा
260 _bडिंपल पब्लिकेशन
365 _b150
600 _aशेवडे शैलजा
630 _aभुईनळा
700 _aशेवडे शैलजा
730 _aभुईनळा
942 _cBOOK
999 _c833183
_d833180